[Event "North Bay int."]
[Site "North Bay CAN"]
[Date "1999.08.06"]
[Round "5"]
[White "Steigman, AJ."]
[Black "Divljan, Igor"]
[Result "0-1"]
[WhiteElo "2226"]
[BlackElo "2165"]
[PlyCount "80"]
[GameId "2160767911742635"]
[EventDate "1999.08.04"]
[EventType "swiss"]
[EventRounds "9"]
[EventCountry "CAN"]

1. e4 c5 2. Nc3 Nc6 3. g3 g6 4. Bg2 Bg7 5. d3 e5 6. Nge2 Nge7 7. f4 d6 8. O-O Bg4 9. h3 Be6 10. Be3 Qd7 11. Kh2 O-O 12. Qd2 Nd4 13. g4 exf4 14. Nxf4 b5 15. Ncd5 Bxd5 16. exd5 b4 17. c3 bxc3 18. bxc3 Nb5 19. Rac1 Rab8 20. a4 Nc7 21. d4 c4 22. Qa2 Rb3 23. g5 Nf5 24. Bd2 Rfb8 25. Rc2 Qe7 26. Nh5 Ne8 27. Re1 Qd7 28. Nxg7 Nexg7 29. Bc1 Nh4 30. Be4 Re8 31. Ree2 Ngf5 32. Bxf5 Rxe2+ 33. Rxe2 Qxf5 34. Re3 Rb1 35. Qd2 Rxc1 36. Re8+ Kg7 37. Kg3 Rh1 38. Qg2 Nxg2 39. Kxg2 Qf1+ 40. Kg3 Rg1+ 0-1

[Event "North Bay int."]
[Site "North Bay CAN"]
[Date "1999.08.06"]
[Round "5"]
[White "Stroud, Mike"]
[Black "Pushkedra, Frank"]
[Result "0-1"]
[WhiteElo "2215"]
[BlackElo "2345"]
[PlyCount "78"]
[GameId "2160767911742636"]
[EventDate "1999.08.04"]
[EventType "swiss"]
[EventRounds "9"]
[EventCountry "CAN"]

1. d4 Nf6 2. c4 g6 3. Nc3 Bg7 4. e4 d6 5. Nf3 O-O 6. Be2 e5 7. Be3 Nbd7 8. dxe5 dxe5 9. Nd2 a5 10. c5 Nb8 11. O-O Nc6 12. f3 Be6 13. Bc4 Nd4 14. Bxe6 Nxe6 15. Nc4 Nd7 16. c6 bxc6 17. Na4 Qe7 18. Rc1 Rfd8 19. Rf2 Nd4 20. Rd2 c5 21. Qe1 Rdb8 22. Na3 Bf8 23. Rd3 Qe6 24. b3 Qa6 25. Nc4 Nb6 26. Naxb6 cxb6 27. Nxe5 Bg7 28. Nc4 a4 29. b4 Rd8 30. Bg5 Rd7 31. bxc5 bxc5 32. Rdd1 h6 33. Bh4 g5 34. Bf2 Rad8 35. Kh1 Qf6 36. Ne3 Nxf3 37. gxf3 Qxf3+ 38. Kg1 Bd4 39. Nd5 Re8 0-1

[Event "North Bay int."]
[Site "North Bay CAN"]
[Date "1999.08.06"]
[Round "5"]
[White "Taylor, Gordon"]
[Black "Nakamura, Hikaru"]
[Result "1-0"]
[WhiteElo "2301"]
[BlackElo "2204"]
[PlyCount "61"]
[GameId "2160767911742637"]
[EventDate "1999.08.04"]
[EventType "swiss"]
[EventRounds "9"]
[EventCountry "CAN"]
[SourceTitle "EXT 2000"]
[Source "ChessBase"]
[SourceDate "1999.11.18"]
[SourceVersion "1"]
[SourceVersionDate "1999.11.18"]
[SourceQuality "1"]

1. d4 Nf6 2. c4 g6 3. Nc3 Bg7 4. e4 d6 5. Be2 O-O 6. Bg5 c5 7. d5 a6 8. Qc1 Qa5 9. Bd2 e6 10. Bd3 exd5 11. exd5 Nbd7 12. f4 Ne8 13. Nf3 f5 14. O-O Qd8 15. Ng5 Nc7 16. Re1 Nf6 17. h3 Bd7 18. Qc2 Rb8 19. a4 Re8 20. a5 b6 21. axb6 Rxb6 22. Rxe8+ Qxe8 23. Re1 Qb8 24. Nd1 h6 25. Nf3 Nce8 26. Nh4 Kf7 27. g4 fxg4 28. Bxg6+ Kf8 29. Bh7 Ng8 30. Ng6+ Kf7 31. Nh8+ 1-0

[Event "North Bay int."]
[Site "North Bay CAN"]
[Date "1999.08.06"]
[Round "5"]
[White "Tyomkin, Dimitri"]
[Black "Hebert, Jean"]
[Result "1/2-1/2"]
[WhiteElo "2495"]
[BlackElo "2454"]
[PlyCount "84"]
[GameId "2160767911742638"]
[EventDate "1999.08.04"]
[EventType "swiss"]
[EventRounds "9"]
[EventCountry "CAN"]
[SourceTitle "EXT 2000"]
[Source "ChessBase"]
[SourceDate "1999.11.18"]
[SourceVersion "1"]
[SourceVersionDate "1999.11.18"]
[SourceQuality "1"]

1. d4 Nf6 2. c4 e6 3. Nf3 b6 4. Nc3 Bb7 5. Bg5 Bb4 6. Nd2 h6 7. Bh4 Bxc3 8. bxc3 d6 9. f3 Nbd7 10. e4 Qe7 11. Be2 g5 12. Bf2 O-O-O 13. O-O h5 14. Qa4 Kb8 15. c5 dxc5 16. Nb3 cxd4 17. cxd4 h4 18. Rfc1 Rc8 19. Ba6 Bxa6 20. Qxa6 c6 21. Rab1 Ka8 22. Nd2 Nb8 23. Qa4 b5 24. Qa5 Qd8 25. Qc3 Nfd7 26. a4 Nb6 27. axb5 cxb5 28. Qa5 Rxc1+ 29. Rxc1 Qd7 30. d5 Rc8 31. Ra1 Na4 32. Nb3 Rc4 33. Qd2 exd5 34. exd5 Qf5 35. Qe3 Rc7 36. d6 Rd7 37. Rc1 Qd5 38. Rc7 Qd1+ 39. Be1 Nb6 40. Qe4+ Qd5 41. Nd4 a6 42. Nf5 Qxe4 1/2-1/2

[Event "North Bay int."]
[Site "North Bay CAN"]
[Date "1999.08.06"]
[Round "5"]
[White "Zambo, Victor"]
[Black "O'Donnell, Robert"]
[Result "1-0"]
[WhiteElo "2202"]
[BlackElo "1958"]
[PlyCount "133"]
[GameId "2160767911742640"]
[EventDate "1999.08.04"]
[EventType "swiss"]
[EventRounds "9"]
[EventCountry "CAN"]

1. e4 c5 2. Nc3 Nc6 3. g3 g6 4. Bg2 Bg7 5. d3 d6 6. Be3 Rb8 7. Qd2 b5 8. Nge2 b4 9. Nd1 Nd4 10. O-O e6 11. f4 Ne7 12. g4 h5 13. h3 hxg4 14. hxg4 Nec6 15. Bf2 e5 16. Nxd4 cxd4 17. f5 Bh6 18. Qe1 Bg5 19. Bg3 Rb7 20. Qf2 Rc7 21. Bf3 Bb7 22. Kg2 Qc8 23. Qe2 f6 24. Rf2 Ne7 25. a3 Nc6 26. axb4 Nxb4 27. c3 dxc3 28. bxc3 Na6 29. d4 Kf7 30. Qa2+ Kg7 31. Qa3 Rd8 32. Qb3 Rc6 33. Rb2 Rb6 34. Qc2 Rxb2 35. Qxb2 Qa8 36. Nf2 Rb8 37. Qe2 Nc7 38. Qc4 Rc8 39. Qa4 Bc6 40. Qxa7 Qxa7 41. Rxa7 gxf5 42. gxf5 Kf8 43. dxe5 dxe5 44. c4 Ke7 45. Nd3 Be3 46. Ra3 Bd4 47. Be1 Rb8 48. Kf1 Kd6 49. Ke2 Rh8 50. Bb4+ Kd7 51. Nc5+ Kc8 52. Ne6 Rh2+ 53. Kd1 Bg1 54. Be7 Ne8 55. c5 Rh4 56. Rd3 Rh7 57. Rd8+ Kb7 58. Bf8 Ba4+ 59. Ke1 Bb5 60. Rd2 Kc8 61. Rb2 Bc6 62. Rb6 Bd7 63. Be2 Nc7 64. Nxc7 Kxc7 65. Bd6+ Kd8 66. Rb8+ Bc8 67. Ba6 1-0

[Event "North Bay int."]
[Site "North Bay CAN"]
[Date "1999.08.06"]
[Round "5"]
[White "Zugic, Igor"]
[Black "Lazarev, Vladimir"]
[Result "1/2-1/2"]
[WhiteElo "2406"]
[BlackElo "2501"]
[PlyCount "55"]
[GameId "2160767911742641"]
[EventDate "1999.08.04"]
[EventType "swiss"]
[EventRounds "9"]
[EventCountry "CAN"]
[SourceTitle "EXT 2000"]
[Source "ChessBase"]
[SourceDate "1999.11.18"]
[SourceVersion "1"]
[SourceVersionDate "1999.11.18"]
[SourceQuality "1"]

1. d4 d5 2. c4 dxc4 3. Nf3 a6 4. e3 e6 5. Bxc4 c5 6. O-O Nf6 7. Bb3 Nc6 8. Nc3 cxd4 9. exd4 Na5 10. Bc2 b5 11. Re1 Be7 12. a3 Bb7 13. Bg5 O-O 14. Qd3 g6 15. Bh6 Re8 16. Ne5 Nc6 17. Qg3 Nh5 18. Qf3 Nxe5 19. Qxb7 Qxd4 20. Rad1 Qc5 21. Be3 Qc4 22. Bd4 Ng4 23. Qf3 e5 24. Nd5 Qxc2 25. Nxe7+ Kg7 26. Qxg4 exd4 27. Qxd4+ Nf6 28. Nd5 1/2-1/2

[Event "North Bay int."]
[Site "North Bay CAN"]
[Date "1999.08.06"]
[Round "6"]
[White "Ademi, Sami"]
[Black "Stroud, Mike"]
[Result "0-1"]
[WhiteElo "2250"]
[BlackElo "2215"]
[PlyCount "102"]
[GameId "2160767911742642"]
[EventDate "1999.08.04"]
[EventType "swiss"]
[EventRounds "9"]
[EventCountry "CAN"]

1. e4 e6 2. Nc3 d5 3. d4 Bb4 4. Nge2 c5 5. dxc5 Nf6 6. Bg5 Nc6 7. a3 Bxc5 8. Nf4 h6 9. Bh4 d4 10. Bxf6 gxf6 11. Nce2 Rg8 12. Ng3 Bd7 13. Nd3 Bd6 14. Qd2 Qe7 15. f4 O-O-O 16. Be2 Kb8 17. b4 b6 18. O-O e5 19. f5 Rg5 20. Bf3 Bc8 21. Rab1 h5 22. Bxh5 Rh8 23. Qe2 Qf8 24. Bg4 Qh6 25. h3 Bf8 26. Rb3 Qh4 27. Qf3 Bh6 28. Ne2 Rgg8 29. g3 Qg5 30. Kg2 Bb7 31. Rfb1 Ne7 32. Nf2 Nc8 33. h4 Qg7 34. Kh3 Nd6 35. Rd1 Nc4 36. c3 Be3 37. Nd3 Re8 38. a4 Rhg8 39. a5 Nd2 40. Rxd2 Bxd2 41. axb6 axb6 42. c4 Qh6 43. Kh2 Rc8 44. c5 Rxg4 45. Qxg4 Qe3 46. c6 Bxc6 47. Nc5 Qf2+ 48. Kh3 Bb5 49. Nd3 Qf1+ 50. Kh2 Be3 51. Ra3 Qd1 0-1

[Event "North Bay int."]
[Site "North Bay CAN"]
[Date "1999.08.06"]
[Round "6"]
[White "Burnett, Ronald"]
[Black "Weeramantry, Sunil"]
[Result "1-0"]
[WhiteElo "2423"]
[BlackElo "2252"]
[PlyCount "39"]
[GameId "2160767911742644"]
[EventDate "1999.08.04"]
[EventType "swiss"]
[EventRounds "9"]
[EventCountry "CAN"]
[SourceTitle "EXT 2000"]
[Source "ChessBase"]
[SourceDate "1999.11.18"]
[SourceVersion "1"]
[SourceVersionDate "1999.11.18"]
[SourceQuality "1"]

1. e4 d6 2. d4 g6 3. Nc3 Bg7 4. Be3 c6 5. a4 a5 6. h3 Nd7 7. f4 Ngf6 8. g4 e5 9. dxe5 dxe5 10. f5 Bf8 11. Nf3 Bb4 12. Bc4 Nxe4 13. Qd3 gxf5 14. O-O-O Bxc3 15. gxf5 Qe7 16. Qxe4 Nf6 17. Qd3 Nd5 18. Bxd5 cxd5 19. Qxc3 Bxf5 20. Rxd5 1-0

[Event "North Bay int."]
[Site "North Bay CAN"]
[Date "1999.08.06"]
[Round "6"]
[White "Campbell, Brett"]
[Black "McKay, Geoff"]
[Result "1-0"]
[WhiteElo "2197"]
[BlackElo "2159"]
[PlyCount "59"]
[GameId "2160767911742646"]
[EventDate "1999.08.04"]
[EventType "swiss"]
[EventRounds "9"]
[EventCountry "CAN"]

1. e4 Nf6 2. Nc3 d5 3. e5 Ne4 4. Nf3 Bg4 5. h3 Bh5 6. d3 Nxc3 7. bxc3 e6 8. Rb1 c5 9. Rxb7 Qa5 10. g4 Bg6 11. a3 Qxc3+ 12. Bd2 Qxa3 13. Qb1 Nc6 14. Qb5 Rc8 15. Rb8 Rxb8 16. Qxc6+ Kd8 17. Bg5+ f6 18. exf6 Qa1+ 19. Ke2 gxf6 20. Bf4 Rb2 21. Ng5 Rxc2+ 22. Kf3 fxg5 23. Bxg5+ Be7 24. Qd6+ Kc8 25. Qxe6+ Kb7 26. Qxd5+ Kb6 27. Bxe7 Rf8+ 28. Kg3 Rf6 29. Bd8+ Kb5 30. Qb3+ 1-0

[Event "North Bay int."]
[Site "North Bay CAN"]
[Date "1999.08.06"]
[Round "6"]
[White "Charest, Johanne"]
[Black "Steigman, AJ."]
[Result "0-1"]
[WhiteElo "2123"]
[BlackElo "2226"]
[PlyCount "50"]
[GameId "2160767911742647"]
[EventDate "1999.08.04"]
[EventType "swiss"]
[EventRounds "9"]
[EventCountry "CAN"]
[SourceTitle "EXT 2000"]
[Source "ChessBase"]
[SourceDate "1999.11.18"]
[SourceVersion "1"]
[SourceVersionDate "1999.11.18"]
[SourceQuality "1"]

1. e4 c5 2. Nc3 Nc6 3. f4 g6 4. Nf3 Bg7 5. Bc4 e6 6. d3 Nge7 7. O-O d5 8. Bb3 O-O 9. Qe1 Rb8 10. Qh4 b5 11. a4 b4 12. Nd1 Ba6 13. exd5 exd5 14. Ne3 Nd4 15. Nxd4 Bxd4 16. Kh1 c4 17. dxc4 Bxe3 18. Bxe3 dxc4 19. Rad1 Qc7 20. f5 cxb3 21. f6 Bxf1 22. Rxf1 Nd5 23. Bd4 Qc4 24. Rg1 Ne3 25. cxb3 Nf5 0-1

[Event "North Bay int."]
[Site "North Bay CAN"]
[Date "1999.08.06"]
[Round "6"]
[White "Chatzilias, Alexis"]
[Black "Hummel, Patrick"]
[Result "0-1"]
[WhiteElo "2046"]
[BlackElo "2330"]
[PlyCount "64"]
[GameId "2160767911742648"]
[EventDate "1999.08.04"]
[EventType "swiss"]
[EventRounds "9"]
[EventCountry "CAN"]
[SourceTitle "EXT 2000"]
[Source "ChessBase"]
[SourceDate "1999.11.18"]
[SourceVersion "1"]
[SourceVersionDate "1999.11.18"]
[SourceQuality "1"]

1. d4 Nf6 2. c4 g6 3. Nc3 Bg7 4. e4 d6 5. Be2 O-O 6. Nf3 e5 7. O-O Nc6 8. d5 Ne7 9. Bg5 h6 10. Bxf6 Bxf6 11. b4 Kg7 12. Nd2 Ng8 13. c5 Be7 14. c6 bxc6 15. dxc6 f5 16. Bc4 Bg5 17. a4 Nf6 18. Ra2 Bxd2 19. Rxd2 Nxe4 20. Nxe4 fxe4 21. Bd5 Qg5 22. Bxe4 Rf4 23. f3 Be6 24. b5 Raf8 25. Bd5 Bxd5 26. Rxd5 Rb4 27. a5 Rb2 28. Rf2 Qe3 29. Qf1 Rf4 30. Rd3 Qc5 31. g3 Rc4 32. Kg2 Rcc2 0-1

[Event "North Bay int."]
[Site "North Bay CAN"]
[Date "1999.08.06"]
[Round "6"]
[White "Duong, Thanh Nha"]
[Black "Fernandez, Daniel"]
[Result "1-0"]
[WhiteElo "2332"]
[BlackElo "2057"]
[PlyCount "141"]
[GameId "2160767911742650"]
[EventDate "1999.08.04"]
[EventType "swiss"]
[EventRounds "9"]
[EventCountry "CAN"]
[SourceTitle "EXT 2000"]
[Source "ChessBase"]
[SourceDate "1999.11.18"]
[SourceVersion "1"]
[SourceVersionDate "1999.11.18"]
[SourceQuality "1"]

1. d4 d5 2. Nf3 e6 3. c4 c6 4. Qc2 Nf6 5. Bg5 Be7 6. e3 O-O 7. Bd3 Nbd7 8. O-O dxc4 9. Bxc4 b5 10. Bd3 Bb7 11. Ne5 c5 12. Bxb5 cxd4 13. Nxd7 Nxd7 14. Bxe7 Qxe7 15. Bxd7 Qxd7 16. exd4 Qd5 17. f3 Qxd4+ 18. Qf2 Rfd8 19. Nc3 Qxf2+ 20. Rxf2 Kf8 21. Rc1 Rac8 22. Rfc2 Ba6 23. Kf2 Bd3 24. Rd2 Ke7 25. Ke3 Ba6 26. Rcd1 Rxd2 27. Rxd2 f6 28. Rd4 Rc4 29. Ne4 f5 30. Nd2 Rc6 31. f4 Rc7 32. Ra4 Bb5 33. Ra5 Bc6 34. Rc5 Kd6 35. Rc2 Bd5 36. Rxc7 Kxc7 37. g3 Bxa2 38. b3 a5 39. Kd4 Kb6 40. Kc3 a4 41. bxa4 Ka5 42. Kb2 Bd5 43. Ka3 g5 44. Nb3+ Kb6 45. Kb4 gxf4 46. gxf4 h5 47. Nc5 Kc6 48. Nd3 Bg2 49. Kc4 Bd5+ 50. Kd4 Kb6 51. Ke5 Bc4 52. Nb2 Bd5 53. Kd6 Bb3 54. h4 Bd5 55. Nd3 Ka5 56. Nc5 Bc4 57. Nxe6 Kxa4 58. Ke5 Kb5 59. Nd4+ Kb6 60. Kxf5 Kc7 61. Kg6 Kd6 62. Nf5+ Ke6 63. Ng7+ Ke7 64. Nxh5 Bf7+ 65. Kg5 Kf8 66. Ng3 Kg7 67. Nf5+ Kh7 68. Kf6 Bb3 69. Nd4 Bd1 70. f5 Kh6 71. Ke7 1-0

[Event "North Bay int."]
[Site "North Bay CAN"]
[Date "1999.08.06"]
[Round "6"]
[White "Dutton, Warren"]
[Black "Ochkoos, Jura"]
[Result "0-1"]
[WhiteElo "2025"]
[BlackElo "2305"]
[PlyCount "64"]
[GameId "2160767911742651"]
[EventDate "1999.08.04"]
[EventType "swiss"]
[EventRounds "9"]
[EventCountry "CAN"]
[SourceTitle "EXT 2000"]
[Source "ChessBase"]
[SourceDate "1999.11.18"]
[SourceVersion "1"]
[SourceVersionDate "1999.11.18"]
[SourceQuality "1"]

1. d4 Nf6 2. c4 c5 3. d5 b5 4. cxb5 a6 5. b6 d6 6. Nc3 Nbd7 7. b7 Bxb7 8. e4 g6 9. f4 Bg7 10. Nf3 O-O 11. Be2 Qb6 12. O-O c4+ 13. Kh1 Rfc8 14. Qe1 Nc5 15. Nd2 Nd3 16. Nxc4 Rxc4 17. Bxd3 Rcc8 18. h3 Nh5 19. g4 Nf6 20. Rb1 e6 21. Be3 Qa5 22. Bd4 Qb4 23. Bxf6 Bxf6 24. e5 Bg7 25. exd6 Qxd6 26. Kh2 exd5 27. Rc1 Re8 28. Qf2 d4 29. Na4 Re3 30. Nc5 Bd5 31. b4 g5 32. Qc2 Qh6 0-1

[Event "North Bay int."]
[Site "North Bay CAN"]
[Date "1999.08.06"]
[Round "6"]
[White "Ellis, James"]
[Black "Morrell, Gordon"]
[Result "1/2-1/2"]
[WhiteElo "2180"]
[BlackElo "2128"]
[PlyCount "50"]
[GameId "2160767911742652"]
[EventDate "1999.08.04"]
[EventType "swiss"]
[EventRounds "9"]
[EventCountry "CAN"]
[SourceTitle "EXT 2000"]
[Source "ChessBase"]
[SourceDate "1999.11.18"]
[SourceVersion "1"]
[SourceVersionDate "1999.11.18"]
[SourceQuality "1"]

1. e4 c5 2. Nf3 e6 3. d4 cxd4 4. Nxd4 Nc6 5. Nc3 Qc7 6. g3 a6 7. Bg2 Nf6 8. O-O Nxd4 9. Qxd4 Bc5 10. Bf4 d6 11. Qd2 h6 12. Rad1 e5 13. Be3 Ke7 14. Bxc5 Qxc5 15. Na4 Qc7 16. f4 Be6 17. fxe5 dxe5 18. Qb4+ Ke8 19. Nb6 Rd8 20. Bf3 Nd7 21. Rxd7 Rxd7 22. Nxd7 Kxd7 23. Rd1+ Kc8 24. Rd3 Kb8 25. Rc3 Qd7 1/2-1/2

[Event "North Bay int."]
[Site "North Bay CAN"]
[Date "1999.08.06"]
[Round "6"]
[White "Hebert, Jean"]
[Black "Nogueiras, Jesus"]
[Result "0-1"]
[WhiteElo "2454"]
[BlackElo "2559"]
[PlyCount "118"]
[GameId "2160767911742653"]
[EventDate "1999.08.04"]
[EventType "swiss"]
[EventRounds "9"]
[EventCountry "CAN"]
[SourceTitle "EXT 2000"]
[Source "ChessBase"]
[SourceDate "1999.11.18"]
[SourceVersion "1"]
[SourceVersionDate "1999.11.18"]
[SourceQuality "1"]

1. d4 d5 2. c4 e6 3. Nc3 c6 4. Nf3 dxc4 5. a4 Bb4 6. e3 b5 7. Bd2 Qe7 8. Qb1 a6 9. axb5 Bxc3 10. bxc3 cxb5 11. Bc1 Qc7 12. Ba3 Bb7 13. Be2 Nf6 14. O-O Nc6 15. Nd2 Ne7 16. e4 O-O 17. e5 Nfd5 18. Ne4 Nf4 19. Bf3 Bxe4 20. Qxe4 Nfd5 21. Bd6 Qd7 22. Qc2 Rfc8 23. Be4 h6 24. Bxe7 Qxe7 25. Bxd5 exd5 26. f4 b4 27. cxb4 c3 28. b5 Qb4 29. Ra4 Qxb5 30. Rb1 Qc6 31. Ra5 Qc4 32. Ra4 Qc7 33. Ra3 Qa7 34. Rd1 Rc4 35. Rxc3 Rxd4 36. Kh1 Rxf4 37. h3 d4 38. Rc7 Qb6 39. Qd2 Qxc7 40. Qxf4 Re8 41. Qxd4 Qxe5 42. Qa7 a5 43. Rf1 Qd5 44. Ra1 Ra8 45. Qe3 a4 46. Qa3 Qe4 47. Kh2 Qf4+ 48. Kh1 Rd8 49. Qc3 Qe4 50. Kh2 Ra8 51. Qg3 Kh7 52. Qa3 Ra6 53. Rf1 f5 54. Rf3 Qe5+ 55. Kg1 Ra5 56. Rc3 Rd5 57. Rc1 Qe4 58. Qc3 Rd4 59. Qc2 a3 0-1

[Event "North Bay int."]
[Site "North Bay CAN"]
[Date "1999.08.06"]
[Round "6"]
[White "Hergott, Deen"]
[Black "Goldenberg, Danny"]
[Result "0-1"]
[WhiteElo "2396"]
[BlackElo "2234"]
[PlyCount "52"]
[GameId "2160767911742654"]
[EventDate "1999.08.04"]
[EventType "swiss"]
[EventRounds "9"]
[EventCountry "CAN"]
[SourceTitle "CBM 072"]
[Source "ChessBase"]
[SourceDate "1999.10.01"]
[SourceVersion "1"]
[SourceVersionDate "1999.10.01"]
[SourceQuality "1"]

1. Nf3 g6 2. d4 Bg7 3. c4 d6 4. Nc3 Nf6 5. e4 O-O 6. Be2 e5 7. d5 Nbd7 8. h4 Nc5 9. Nd2 a5 10. g4 h5 11. f3 hxg4 12. fxg4 Nxg4 13. Bxg4 Nd3+ 14. Kf1 f5 15. exf5 Bxf5 16. Bxf5 Rxf5+ 17. Nf3 Qf6 18. Rh3 e4 19. Nxe4 Qd4 20. Qe2 Re8 21. Nf6+ Bxf6 22. Qxe8+ Kh7 23. Be3 Qg4 24. Ke2 Qxc4 25. Ng5+ Kh6 26. Kd2 Rxd5 0-1

[Event "North Bay int."]
[Site "North Bay CAN"]
[Date "1999.08.06"]
[Round "6"]
[White "Kalinin, Alexander"]
[Black "Djerkovic, Miladin"]
[Result "1-0"]
[WhiteElo "2425"]
[BlackElo "2201"]
[PlyCount "85"]
[GameId "2160767911742655"]
[EventDate "1999.08.04"]
[EventType "swiss"]
[EventRounds "9"]
[EventCountry "CAN"]
[SourceTitle "EXT 2000"]
[Source "ChessBase"]
[SourceDate "1999.11.18"]
[SourceVersion "1"]
[SourceVersionDate "1999.11.18"]
[SourceQuality "1"]

1. Nf3 Nf6 2. c4 b6 3. g3 Bb7 4. Bg2 e6 5. Nc3 Be7 6. d4 Ne4 7. Bd2 f5 8. d5 Bf6 9. Qc2 Na6 10. O-O Nac5 11. b4 Nxc3 12. Bxc3 Ne4 13. Bxf6 Qxf6 14. dxe6 Qxe6 15. c5 bxc5 16. bxc5 O-O 17. Nd4 Qe5 18. c6 Bxc6 19. Nxc6 dxc6 20. Qxc6 Rae8 21. Rac1 Re7 22. Rfd1 f4 23. Qc4+ Kh8 24. Bxe4 Qxe4 25. Qxe4 Rxe4 26. Kf1 Rfe8 27. Rd2 fxg3 28. hxg3 R4e7 29. Rc6 Kg8 30. Rdc2 Rc8 31. Rb2 Re5 32. Ra6 c5 33. Rxa7 c4 34. Rbb7 Rec5 35. Rxg7+ Kh8 36. Rxh7+ Kg8 37. Rhg7+ Kh8 38. Rh7+ Kg8 39. Rag7+ Kf8 40. Rd7 Kg8 41. Rhg7+ Kh8 42. Rh7+ Kg8 43. Kg2 1-0

[Event "North Bay int."]
[Site "North Bay CAN"]
[Date "1999.08.06"]
[Round "6"]
[White "Kuczaj, Chris"]
[Black "Hum, Peter"]
[Result "1-0"]
[WhiteElo "2171"]
[BlackElo "2255"]
[PlyCount "79"]
[GameId "2160767911742656"]
[EventDate "1999.08.04"]
[EventType "swiss"]
[EventRounds "9"]
[EventCountry "CAN"]

1. d4 Nf6 2. c4 g6 3. Nc3 Bg7 4. e4 d6 5. Be2 O-O 6. Nf3 c5 7. d5 e6 8. O-O Re8 9. Qc2 Na6 10. Re1 exd5 11. cxd5 Rb8 12. Bf4 Nc7 13. a4 a6 14. Rad1 Nh5 15. Bg5 f6 16. Be3 Bf8 17. Nd2 Ng7 18. a5 b5 19. b4 c4 20. Nf3 Bb7 21. Bb6 Qd7 22. Bd4 Qf7 23. Bf1 Rbd8 24. Bb6 Rd7 25. g3 Na8 26. Bd4 Nc7 27. Bh3 Rdd8 28. Bb6 Kh8 29. Nd4 Bc8 30. Bg2 Bb7 31. f4 Rd7 32. Bh3 Rde7 33. Nc6 Nxd5 34. Nxe7 Nxe7 35. Bg2 Nc8 36. Bf2 Nh5 37. Nd5 Bg7 38. Bd4 Ne7 39. Qf2 Nc6 40. Bc3 1-0

[Event "North Bay int."]
[Site "North Bay CAN"]
[Date "1999.08.06"]
[Round "6"]
[White "Lazarev, Vladimir"]
[Black "Taylor, Gordon"]
[Result "1-0"]
[WhiteElo "2501"]
[BlackElo "2301"]
[PlyCount "83"]
[GameId "2160767911742657"]
[EventDate "1999.08.04"]
[EventType "swiss"]
[EventRounds "9"]
[EventCountry "CAN"]
[SourceTitle "EXT 2000"]
[Source "ChessBase"]
[SourceDate "1999.11.18"]
[SourceVersion "1"]
[SourceVersionDate "1999.11.18"]
[SourceQuality "1"]

1. d4 Nf6 2. c4 e6 3. Nc3 Bb4 4. Qc2 O-O 5. a3 Bxc3+ 6. Qxc3 Ne4 7. Qc2 f5 8. Nh3 b6 9. f3 Nf6 10. e3 Bb7 11. Be2 c5 12. dxc5 bxc5 13. b4 Nc6 14. b5 Ne5 15. Bb2 Qc7 16. O-O d6 17. Rfd1 Rad8 18. a4 Ng6 19. Rd2 Nh4 20. Nf2 Qf7 21. Qd1 Qg6 22. g3 Nh5 23. Kh1 Nxg3+ 24. hxg3 Qxg3 25. Qg1 Bxf3+ 26. Bxf3 Qxf3+ 27. Kh2 e5 28. Qg5 Ng6 29. Rg1 Rd7 30. Rg3 Qb7 31. Rh3 f4 32. e4 Rff7 33. a5 Qc7 34. Bc3 Nf8 35. Ng4 Kh8 36. Kg1 Ne6 37. Qg6 Nf8 38. Rxh7+ Nxh7 39. Rh2 Kg8 40. Nh6+ Kf8 41. Nxf7 Rxf7 42. Rxh7 1-0

[Event "North Bay int."]
[Site "North Bay CAN"]
[Date "1999.08.06"]
[Round "6"]
[White "Miezis, Normunds"]
[Black "Tyomkin, Dimitri"]
[Result "0-1"]
[WhiteElo "2524"]
[BlackElo "2495"]
[PlyCount "94"]
[GameId "2160767911742658"]
[EventDate "1999.08.04"]
[EventType "swiss"]
[EventRounds "9"]
[EventCountry "CAN"]
[SourceTitle "EXT 2000"]
[Source "ChessBase"]
[SourceDate "1999.11.18"]
[SourceVersion "1"]
[SourceVersionDate "1999.11.18"]
[SourceQuality "1"]

1. c4 e6 2. e4 d5 3. exd5 exd5 4. d4 Bb4+ 5. Nc3 Qe7+ 6. Be2 Bg4 7. cxd5 Nf6 8. Bg5 Nbd7 9. h3 Bh5 10. g4 Bg6 11. Kf1 O-O 12. Bf3 Qd6 13. Nge2 Nb6 14. Bf4 Qd7 15. Be5 Nfxd5 16. Nxd5 Nxd5 17. h4 f6 18. Bxc7 Rfe8 19. Bg3 Be4 20. Qb3 Kh8 21. Kg2 Qxg4 22. Bxe4 Qxe4+ 23. Qf3 Rad8 24. Qxe4 Rxe4 25. Kf3 Rde8 26. Nf4 Rxd4 27. Rad1 Rxd1 28. Rxd1 Nb6 29. h5 Kg8 30. Rc1 Bd6 31. Rd1 Nc4 32. b3 Ne5+ 33. Kg2 Bb8 34. h6 g6 35. Ne6 Nf7 36. Nc5 Bxg3 37. Kxg3 Re7 38. Kf3 Nxh6 39. Rd8+ Kg7 40. Ra8 b6 41. Ne4 Nf5 42. Nc3 Nd4+ 43. Kg3 h5 44. Nd5 Rd7 45. Nf4 Kh6 46. Rh8+ Kg5 47. Rg8 h4+ 0-1

[Event "North Bay int."]
[Site "North Bay CAN"]
[Date "1999.08.06"]
[Round "6"]
[White "Mikanovic, Goran"]
[Black "Glinert, Stephen"]
[Result "1-0"]
[WhiteElo "2310"]
[BlackElo "2191"]
[PlyCount "57"]
[GameId "2160767911742659"]
[EventDate "1999.08.04"]
[EventType "swiss"]
[EventRounds "9"]
[EventCountry "CAN"]
[SourceTitle "EXT 2000"]
[Source "ChessBase"]
[SourceDate "1999.11.18"]
[SourceVersion "1"]
[SourceVersionDate "1999.11.18"]
[SourceQuality "1"]

1. d4 Nf6 2. c4 g6 3. Nc3 d5 4. cxd5 Nxd5 5. Bd2 Bg7 6. Nf3 O-O 7. e4 Nb6 8. Be3 Bg4 9. Be2 Nc6 10. d5 Bxf3 11. gxf3 Ne5 12. Qb3 Qd7 13. h4 c6 14. O-O-O Qc7 15. Kb1 Rfd8 16. f4 Ned7 17. h5 Nf6 18. hxg6 hxg6 19. f5 cxd5 20. fxg6 Nc4 21. gxf7+ Kf8 22. Bh6 Bxh6 23. Rxh6 Rac8 24. Rh8+ Kg7 25. Rxd8 Rxd8 26. Nxd5 Nxd5 27. Bxc4 Nf6 28. Rg1+ Kh8 29. Qh3+ 1-0

[Event "North Bay int."]
[Site "North Bay CAN"]
[Date "1999.08.06"]
[Round "6"]
[White "Mulyar, Michael"]
[Black "Paschall, William M"]
[Result "1-0"]
[WhiteElo "2410"]
[BlackElo "2332"]
[PlyCount "77"]
[GameId "2160767911742660"]
[EventDate "1999.08.04"]
[EventType "swiss"]
[EventRounds "9"]
[EventCountry "CAN"]
[SourceTitle "EXT 2000"]
[Source "ChessBase"]
[SourceDate "1999.11.18"]
[SourceVersion "1"]
[SourceVersionDate "1999.11.18"]
[SourceQuality "1"]

1. c4 Nf6 2. Nc3 g6 3. e4 d6 4. g3 c5 5. Bg2 Nc6 6. Nge2 Bg7 7. d3 O-O 8. O-O Bd7 9. h3 Rb8 10. a3 Ne8 11. Rb1 a5 12. Be3 Nc7 13. Nb5 Nxb5 14. cxb5 Nd4 15. a4 Nxe2+ 16. Qxe2 Qb6 17. Rfd1 Bd4 18. Kh2 Kh8 19. h4 Rg8 20. Bh3 Bxh3 21. Kxh3 Bxe3 22. Qxe3 e5 23. f4 exf4 24. Qxf4 f5 25. exf5 gxf5 26. Re1 Rbe8 27. Rxe8 Rxe8 28. Qxf5 d5 29. Rf1 d4 30. Rc1 Qe6 31. Qxe6 Rxe6 32. Rxc5 Re3 33. Rc7 Rxd3 34. Rxb7 Rb3 35. Kg4 Rxb2 36. Kf3 Rb4 37. Ra7 d3 38. Ke3 Rd4 39. Kd2 1-0